00583 2200229 4500001002100000005001700021008004100038035002400079041000800103043001200111082001200123090002100135245002100156260004800177300003000225650003300255850001500288850001200303990001500315990001500330990000800345YOGYA-0209000002591020090227024007.0 ind  0010-020900000025910 aInd aYOPDYOG a959.823 aYOG 959.823bKab aKABUPATEN bantul aYogyakartabBiro Hubungan Masyarakatc[s.a] aviii, 60 hlmbilusc22 cm aBantul (Kabupaten) - Keadaan aYOPDYOG(M) aYOPDYOG a06A0017694 a06A0017693 aInd